| 000 | 01516nam a2200361Ia 4500 | ||
|---|---|---|---|
| 999 |
_c10259 _d10259 |
||
| 001 | 187047839 | ||
| 003 | OCoLC | ||
| 005 | 20241126110728.0 | ||
| 008 | 080103s2007 enk b 001 0deng d | ||
| 020 | _a9781842275696 | ||
| 020 | _a1842275690 | ||
| 035 | _a.b65331503 | ||
| 040 |
_aIHT _beng _cIHT _dYDXCP _dUtOrBLW |
||
| 049 | _aOSU& | ||
| 082 |
_a236 _bWIL |
||
| 090 |
_aDS150.5 _b.W555 2007 |
||
| 090 |
_aDS150.5 _b.W555 2007 |
||
| 100 | 1 |
_aWilkinson, Paul Richard. _0http://id.loc.gov/authorities/names/nb2009007903 _917834 |
|
| 245 | 1 | 0 |
_aFor Zion's sake : _bChristian zionism and the role of John Nelson Darby / _cPaul Richard Wilkinson ; foreword by Thomas Ice |
| 264 | 1 |
_aMilton Keynes, [England] ; _aColorado Springs, Colo. : _bPaternoster, _c2007 |
|
| 300 |
_axviii, 308 ; _c23 cm |
||
| 336 |
_atext _btxt _2rdacontent |
||
| 337 |
_aunmediated _bn _2rdamedia |
||
| 338 |
_aunspecified _bzu _2rdacarrier |
||
| 490 | 1 | _aStudies in evangelical history and thought | |
| 500 | _aRevision of thesis (Ph.D., Manchester Univ.) | ||
| 504 | _aIncludes bibliographic references (p. 265-301) and index | ||
| 600 | 1 | 0 |
_aDarby, J. N. _q(John Nelson), _d1800-1882. _0http://id.loc.gov/authorities/names/n91084159 _9515 |
| 650 | 0 |
_aChristian Zionism. _0http://id.loc.gov/authorities/subjects/sh85025215 _917835 |
|
| 650 | 0 |
_aEschatology _xHistory of doctrines _y19th century _917836 |
|
| 830 | 0 |
_aStudies in evangelical history and thought. _0http://id.loc.gov/authorities/names/no2003040664 _917837 |
|
| 942 |
_2ddc _cBK |
||